[Event "GRE-chT 48th"]
[Site "Athens"]
[Date "2021.09.08"]
[Round "3.1"]
[White "Kouvidis, Ioannis"]
[Black "Zervos, Lazaros"]
[Result "1-0"]
[WhiteElo "2040"]
[BlackElo "2036"]
[PlyCount "119"]
[EventDate "2021.09.07"]
[EventType "team-swiss"]
[EventRounds "7"]
[EventCountry "GRE"]
[SourceTitle "CBM 204 Extra"]
[Source "ChessBase"]
[SourceDate "2021.11.30"]
[SourceVersion "1"]
[SourceVersionDate "2021.11.30"]
[SourceQuality "1"]
[WhiteTeam "OFI"]
[BlackTeam "Zeenon Glyfathas"]
[WhiteTeamCountry "GRE"]
[BlackTeamCountry "GRE"]

1. e4 e5 2. Nc3 Nf6 3. d4 exd4 4. Qxd4 Nc6 5. Qd3 Bb4 6. Bd2 0-0 7. Nge2 Ne5 8. Qg3 d6 9. h3 Nc4 10. 0-0-0 Nxd2 11. Rxd2 Qe7 12. Qd3 Re8 13. f3 a6 14. g4 c6 15. a3 Bc5 16. g5 Nd7 17. f4 d5 18. Ng3 Nb6 19. Re2 Qc7 20. Qf3 Bd7 21. Re1 Bd4 22. e5 c5 23. Nce2 Nc4 24. Nxd4 cxd4 25. Qb3 Rac8 26. Rh2 b5 27. Rd1 Qb6 28. Qd3 Nxb2 29. Kxb2 Rc3 30. Qxd4 Qxd4 31. Rxd4 Rxg3 32. Rf2 g6 33. Rxd5 Bf5 34. Bd3 Bxh3 35. Rd6 Re6 36. Be4 Re3 37. Bb7 a5 38. Rf3 Rxf3 39. Bxf3 Kf8 40. Rd8+ Re8 41. Rd6 Rc8 42. Bd5 Rc5 43. Ba2 Bf5 44. c3 Rc7 45. Bd5 Ke7 46. Rb6 Bd3 47. Bc6 b4 48. cxb4 axb4 49. axb4 Bc4 50. Rb7 Rxb7 51. Bxb7 Ke6 52. Kc3 Bb5 53. Kd4 Kf5 54. Ke3 Kg4 55. Bd5 Be8 56. Bc4 Kh5 57. Be2+ Kh4 58. b5 Bd7 59. b6 Bc6 60. Bf3 1-0

[Event "GRE-chT 47th"]
[Site "Patras"]
[Date "2019.07.02"]
[Round "1.6"]
[White "Zervos, Lazaros"]
[Black "Kymionis, Konstantinos"]
[Result "1-0"]
[WhiteElo "2055"]
[BlackElo "2091"]
[PlyCount "77"]
[EventDate "2019.07.02"]
[EventType "team-swiss"]
[EventRounds "7"]
[EventCountry "GRE"]
[SourceTitle "CBM 191 Extra"]
[Source "ChessBase"]
[SourceDate "2019.09.30"]
[SourceVersion "1"]
[SourceVersionDate "2019.09.30"]
[SourceQuality "1"]
[WhiteTeam "The Zenon of Glyfada"]
[BlackTeam "Panellinios GA"]
[WhiteTeamCountry "GRE"]
[BlackTeamCountry "GRE"]

1. d4 Nf6 2. Nf3 e6 3. c4 Bb4+ 4. Nbd2 b6 5. e3 Bb7 6. Bd3 Ne4 7. 0-0 f5 8. Qc2 Nxd2 9. Nxd2 Qh4 10. d5 Bd6 11. f4 0-0 12. Nf3 Qh5 13. Nd4 Qf7 14. Bd2 Na6 15. Nb5 exd5 16. cxd5 Nc5 17. Nc3 Kh8 18. Bc4 Rae8 19. Rad1 a6 20. a3 Re7 21. Rf3 Rfe8 22. Rg3 b5 23. Ba2 Qf8 24. b4 Ne4 25. Nxe4 Rxe4 26. Bc3 R8e7 27. Qd2 Rf7 28. Bd4 Qe8 29. Qc3 Ree7 30. Rf1 Kg8 31. Rff3 g6 32. h4 Re4 33. h5 Rfe7 34. hxg6 hxg6 35. Rh3 Rxd4 36. Qxd4 Rg7 37. Rh6 Kf7 38. Rfh3 Qg8 39. Rh8 1-0

[Event "GRE-chT 45th"]
[Site "Achaia"]
[Date "2017.07.03"]
[Round "1.4"]
[White "Georgakopoulos, Nikolaos K"]
[Black "Zervos, Lazaros"]
[Result "0-1"]
[WhiteElo "2047"]
[BlackElo "2072"]
[PlyCount "82"]
[EventDate "2017.07.03"]
[EventType "team-swiss"]
[EventRounds "7"]
[EventCountry "GRE"]
[SourceTitle "CBM 179 Extra"]
[Source "ChessBase"]
[SourceDate "2017.08.23"]
[SourceVersion "1"]
[SourceVersionDate "2017.08.23"]
[SourceQuality "1"]
[WhiteTeam "Chania ADA"]
[BlackTeam "Glyfadas Zenon"]
[WhiteTeamCountry "GRE"]
[BlackTeamCountry "GRE"]

1. e4 e5 2. Nf3 Nc6 3. Bb5 a6 4. Ba4 Nf6 5. d3 d6 6. c4 Be7 7. Nc3 Bd7 8. 0-0 0-0 9. h3 Nd4 10. Bxd7 Nxf3+ 11. Qxf3 Qxd7 12. Be3 b5 13. b3 c6 14. Rfd1 Qe6 15. Rac1 b4 16. Ne2 c5 17. Ng3 g6 18. Qe2 Nd7 19. Bh6 Rfe8 20. f4 exf4 21. Bxf4 Bf6 22. Rf1 Bg7 23. Rce1 Ne5 24. Kh1 a5 25. Qd1 Nc6 26. Ne2 a4 27. Be3 axb3 28. axb3 Ra2 29. Nf4 Qd7 30. Nd5 Qd8 31. Qf3 Ne5 32. Qd1 Re6 33. d4 Nd7 34. Qf3 f6 35. dxc5 dxc5 36. Rd1 Raa6 37. Rd2 Rad6 38. Nf4 Ne5 39. Qg3 Rxd2 40. Nxe6 Qd3 41. Nxc5 Qxf1+ 0-1

[Event "GRE-chT 44th"]
[Site "Achaia"]
[Date "2016.07.06"]
[Round "2.7"]
[White "Gouloutis, Nikolaos"]
[Black "Zervos, Lazaros"]
[Result "1-0"]
[WhiteElo "2325"]
[BlackElo "2058"]
[PlyCount "81"]
[EventDate "2016.07.05"]
[EventType "team-swiss"]
[EventRounds "7"]
[EventCountry "GRE"]
[SourceTitle "CBM 173 Extra"]
[Source "ChessBase"]
[SourceDate "2016.08.29"]
[SourceVersion "1"]
[SourceVersionDate "2016.08.29"]
[SourceQuality "1"]
[WhiteTeam "Oreokastrou Marion"]
[BlackTeam "Glyfadas Zenon"]
[WhiteTeamCountry "GRE"]
[BlackTeamCountry "GRE"]

1. d4 d5 2. c4 e6 3. Nc3 c5 4. cxd5 cxd4 5. Qxd4 Nc6 6. Qe3 Nb4 7. Qd2 Nxd5 8. Nxd5 exd5 9. e3 Nf6 10. a3 Bd6 11. Bb5+ Bd7 12. Bxd7+ Qxd7 13. Nf3 0-0 14. 0-0 Rac8 15. b3 Qf5 16. h3 a6 17. Bb2 Rc2 18. Qd4 Re8 19. Rab1 Rcc8 20. Qb6 Ne4 21. Rbc1 Qd7 22. Qd4 Bf8 23. Ne5 Qe6 24. Nd3 Rxc1 25. Rxc1 Qf5 26. Nf4 Rd8 27. Qb6 Qd7 28. Rc7 Qe8 29. Qxb7 Bd6 30. Rc1 Bxf4 31. exf4 d4 32. Bxd4 Nd2 33. Be3 Ne4 34. Qxa6 h6 35. Qc6 Qe7 36. b4 Kh7 37. Qc7 Qe8 38. Qe5 Nd6 39. Rd1 Nc4 40. Rxd8 Qxd8 41. Qe4+ 1-0

[Event "GRE-chT 44th"]
[Site "Achaia"]
[Date "2016.07.05"]
[Round "1.17"]
[White "Zervos, Lazaros"]
[Black "Kiriakopoulos, Antonios"]
[Result "1-0"]
[WhiteElo "2058"]
[BlackElo "1878"]
[PlyCount "55"]
[EventDate "2016.07.05"]
[EventType "team-swiss"]
[EventRounds "7"]
[EventCountry "GRE"]
[SourceTitle "CBM 173 Extra"]
[Source "ChessBase"]
[SourceDate "2016.08.29"]
[SourceVersion "1"]
[SourceVersionDate "2016.08.29"]
[SourceQuality "1"]
[WhiteTeam "Glyfadas Zenon"]
[BlackTeam "Filiatron CN"]
[WhiteTeamCountry "GRE"]
[BlackTeamCountry "GRE"]

1. e4 c5 2. Nf3 e6 3. d4 cxd4 4. Nxd4 Nc6 5. Nc3 Qc7 6. g3 a6 7. Bg2 Nf6 8. 0-0 Nxd4 9. Qxd4 Bc5 10. Bf4 d6 11. Qd2 h6 12. Rad1 e5 13. Be3 Bg4 14. Bxc5 dxc5 15. f3 Be6 16. Nd5 Nxd5 17. exd5 Bd7 18. Rfe1 0-0 19. d6 Qb6 20. c4 Rfe8 21. Qc3 f6 22. f4 exf4 23. Re7 Bc6 24. Qe1 Rxe7 25. dxe7 f3 26. Qe6+ Kh8 27. Bxf3 Qc7 28. Bxc6 1-0

[Event "GRE-chT 43rd"]
[Site "Porto Rio"]
[Date "2015.10.11"]
[Round "6.7"]
[White "Zervos, Lazaros"]
[Black "Katzourakis, Pavlos"]
[Result "0-1"]
[WhiteElo "2034"]
[BlackElo "2094"]
[PlyCount "134"]
[EventDate "2015.10.08"]
[EventType "team-swiss"]
[EventRounds "7"]
[EventCountry "GRE"]
[SourceTitle "CBM 168 Extra"]
[Source "ChessBase"]
[SourceDate "2015.10.29"]
[SourceVersion "1"]
[SourceVersionDate "2015.10.29"]
[SourceQuality "1"]
[WhiteTeam "Glyfadas Zenon"]
[BlackTeam "Chania Kaissa"]
[WhiteTeamCountry "GRE"]
[BlackTeamCountry "GRE"]

1. Nf3 Nf6 2. d4 g6 3. c4 Bg7 4. Nc3 d5 5. Bf4 0-0 6. e3 c5 7. dxc5 Qa5 8. Rc1 dxc4 9. Bxc4 Qxc5 10. Bb3 Nc6 11. 0-0 Qh5 12. h3 Rd8 13. Qe2 e5 14. Bh2 e4 15. Nd4 Nxd4 16. exd4 Qxe2 17. Nxe2 b6 18. Rfd1 Bb7 19. Nc3 Rac8 20. d5 a6 21. d6 b5 22. a3 Rd7 23. Kh1 h5 24. Re1 Bf8 25. Rcd1 Rcd8 26. Be5 Bg7 27. Bg3 Ne8 28. Nxe4 Bxe4 29. Rxe4 Nxd6 30. Bxd6 Rxd6 31. Rxd6 Rxd6 32. Re8+ Kh7 33. Re2 Kg8 34. Re8+ Bf8 35. Re2 Rc6 36. g3 Bg7 37. Re8+ Kh7 38. Re1 Bxb2 39. Bxf7 Bxa3 40. Kg2 Kg7 41. Be8 Rd6 42. Re5 Bb2 43. Re4 Rb6 44. g4 hxg4 45. hxg4 a5 46. Kf1 a4 47. Bxb5 Rxb5 48. Rxa4 Bc3 49. Rc4 Be5 50. f4 Bd6 51. Rd4 Rb6 52. Kg2 Kf6 53. Kf3 Rb3+ 54. Kg2 Ke6 55. f5+ Ke5 56. Rd2 g5 57. f6 Rb7 58. Rf2 Ke6 59. Rf5 Bf4 60. Kf3 Rf7 61. Ke4 Rxf6 62. Rb5 Rf8 63. Rb6+ Bd6 64. Rb5 Rf4+ 65. Ke3 Rxg4 66. Kf3 Rf4+ 67. Ke3 Be5 0-1

[Event "GRE-chT 43rd"]
[Site "Porto Rio"]
[Date "2015.10.10"]
[Round "4.10"]
[White "Kalofonos, Panayotis"]
[Black "Zervos, Lazaros"]
[Result "1/2-1/2"]
[WhiteElo "2089"]
[BlackElo "2034"]
[PlyCount "146"]
[EventDate "2015.10.08"]
[EventType "team-swiss"]
[EventRounds "7"]
[EventCountry "GRE"]
[SourceTitle "CBM 168 Extra"]
[Source "ChessBase"]
[SourceDate "2015.10.29"]
[SourceVersion "1"]
[SourceVersionDate "2015.10.29"]
[SourceQuality "1"]
[WhiteTeam "Aigaleo"]
[BlackTeam "Glyfadas Zenon"]
[WhiteTeamCountry "GRE"]
[BlackTeamCountry "GRE"]

1. e4 e5 2. Nf3 Nc6 3. Nc3 Nf6 4. Bb5 Bb4 5. 0-0 0-0 6. d3 d6 7. Ne2 Ne7 8. c3 Ba5 9. Ng3 c6 10. Ba4 Ng6 11. d4 h6 12. h3 Be6 13. Bc2 Bc7 14. Re1 Qd7 15. Be3 Rfe8 16. Qd2 Rad8 17. Rad1 Qe7 18. Nf5 Bxf5 19. exf5 Nf8 20. Bf4 Qd7 21. dxe5 dxe5 22. Qxd7 N8xd7 23. Bg3 Nd5 24. c4 N5f6 25. Kf1 Ba5 26. Re2 e4 27. Nd2 Nc5 28. Nb3 Rxd1+ 29. Bxd1 Bb6 30. Bc2 Nxb3 31. axb3 e3 32. fxe3 Rxe3 33. Rxe3 Bxe3 34. Bf2 Bxf2 35. Kxf2 Kf8 36. b4 Ke7 37. Ke3 b5 38. b3 Kd6 39. Kd4 Nd7 40. c5+ Kc7 41. Be4 f6 42. Bf3 Ne5 43. Bh5 Kb7 44. Ke4 Nd7 45. Kd4 Nb8 46. h4 Na6 47. Kc3 Kc7 48. Bf3 Kd7 49. Be4 Nb8 50. Kd4 Kc7 51. Bf3 Nd7 52. Bh5 Kb7 53. Be8 Nb8 54. g3 Na6 55. Kc3 Nc7 56. Bf7 Kc8 57. Kb2 Kd7 58. Ka3 Kd8 59. Bh5 Na6 60. Bf3 Kc7 61. Be4 Kb7 62. Bf3 Kc7 63. Bh5 Kd7 64. Bf3 Kc7 65. Bg2 Kd7 66. g4 Kc7 67. Bh3 Kb7 68. Bf1 Kc7 69. Bh3 Kb7 70. Bg2 Kc7 71. Be4 Kb7 72. Bd3 Kc7 73. Bf1 Kb7 1/2-1/2

[Event "Nikaia op 23rd"]
[Site "Nikaia"]
[Date "2015.08.29"]
[Round "3"]
[White "Stamos, Filippos"]
[Black "Zervos, Lazaros"]
[Result "0-1"]
[WhiteElo "2170"]
[BlackElo "1986"]
[PlyCount "69"]
[EventDate "2015.08.26"]
[EventType "swiss"]
[EventRounds "9"]
[EventCountry "GRE"]
[SourceTitle "EXT 2016"]
[Source "ChessBase"]
[SourceDate "2015.10.08"]
[SourceVersion "1"]
[SourceVersionDate "2015.10.08"]
[SourceQuality "1"]

1. d4 Nf6 2. Nf3 g6 3. g3 b6 4. Bg2 Bb7 5. 0-0 Bg7 6. c4 0-0 7. d5 Na6 8. Nc3 Nc5 9. Nd4 e5 10. Nc2 a5 11. e4 d6 12. Be3 Bc8 13. h3 Nh5 14. Na3 Bd7 15. Nab5 Na6 16. a3 Qe8 17. b4 f5 18. Nxc7 Nxc7 19. Bxb6 Na6 20. Bxa5 f4 21. Kh2 Qc8 22. Qd3 f3 23. Bxf3 Bxh3 24. Rfe1 Bg4 25. Bxg4 Qxg4 26. Qf1 Rf3 27. Ne2 Raf8 28. Bb6 Nc5 29. Kg1 Nxe4 30. Qg2 Nexg3 31. fxg3 Nxg3 32. b5 Nxe2+ 33. Rxe2 Rg3 34. Rc1 Bh6 35. Rcc2 0-1

[Event "GRE-chT 42nd"]
[Site "Porto Rio"]
[Date "2014.07.02"]
[Round "6.4"]
[White "Zervos, Lazaros"]
[Black "Gratseas, Stefanos"]
[Result "1-0"]
[WhiteElo "1884"]
[BlackElo "2119"]
[PlyCount "83"]
[EventDate "2014.06.28"]
[EventType "team-swiss"]
[EventRounds "7"]
[EventCountry "GRE"]
[SourceTitle "CBM 161 Extra"]
[Source "ChessBase"]
[SourceDate "2014.08.29"]
[SourceVersion "1"]
[SourceVersionDate "2014.08.29"]
[SourceQuality "1"]
[WhiteTeam "Glyfadas Zenon"]
[BlackTeam "OFI"]
[WhiteTeamCountry "GRE"]
[BlackTeamCountry "GRE"]

1. e4 d6 2. d4 Nc6 3. Nc3 e5 4. Bb5 Bd7 5. Nf3 Nxd4 6. Nxd4 exd4 7. Bxd7+ Qxd7 8. Qxd4 Nf6 9. Bf4 Be7 10. f3 0-0 11. 0-0-0 Qc6 12. g4 Qb6 13. Qd3 c6 14. g5 Nh5 15. Be3 Qa5 16. f4 f5 17. Qc4+ Kh8 18. Qe2 g6 19. exf5 Rae8 20. f6 Bd8 21. Qd3 Kg8 22. Rhe1 d5 23. f5 Kf7 24. Bd2 Qa6 25. fxg6+ hxg6 26. Qh3 Rxe1 27. Rxe1 c5 28. Qd7+ Kg8 29. Re8 Qf1+ 30. Nd1 Bxf6 31. Qxd5+ Kh7 32. Rxf8 Bxb2+ 33. Kxb2 Qxf8 34. Qd7+ Qg7+ 35. Qxg7+ Kxg7 36. Be3 b6 37. Nc3 Kf7 38. Nb5 Ke6 39. Nxa7 Kd5 40. Kc3 Ng7 41. Nc8 Ke4 42. Bc1 1-0

[Event "GRE-chT 42nd"]
[Site "Porto Rio"]
[Date "2014.06.30"]
[Round "4.8"]
[White "Moutzouris, Iason Vasilios"]
[Black "Zervos, Lazaros"]
[Result "1/2-1/2"]
[WhiteElo "1776"]
[BlackElo "1884"]
[PlyCount "85"]
[EventDate "2014.06.28"]
[EventType "team-swiss"]
[EventRounds "7"]
[EventCountry "GRE"]
[SourceTitle "CBM 161 Extra"]
[Source "ChessBase"]
[SourceDate "2014.08.29"]
[SourceVersion "1"]
[SourceVersionDate "2014.08.29"]
[SourceQuality "1"]
[WhiteTeam "Kalamata Poseidon"]
[BlackTeam "Glyfadas Zenon"]
[WhiteTeamCountry "GRE"]
[BlackTeamCountry "GRE"]

1. e4 e5 2. Nf3 Nc6 3. Bc4 Nf6 4. d3 Be7 5. 0-0 0-0 6. c3 d6 7. Bb3 Na5 8. Bc2 c5 9. Re1 Re8 10. Nbd2 Bf8 11. Nf1 h6 12. d4 Qc7 13. d5 b5 14. b3 Bd7 15. Bd2 Nb7 16. h3 g6 17. N3h2 g5 18. Ng4 Qd8 19. Ng3 Nxg4 20. hxg4 Qf6 21. Nf5 Nd8 22. c4 a6 23. b4 Nb7 24. cxb5 axb5 25. a4 Reb8 26. Re3 cxb4 27. Bxb4 Nc5 28. Bxc5 dxc5 29. axb5 Rxa1 30. Qxa1 Rxb5 31. Ra3 Rb8 32. Ra6 Rb6 33. Rxb6 Qxb6 34. Qxe5 f6 35. Qc3 Bxf5 36. gxf5 Bd6 37. Qa1 Bb8 38. Qa4 Qd6 39. Qe8+ Qf8 40. Qc6 Qd6 41. Qe8+ Qf8 42. Qxf8+ Kxf8 43. Kf1 1/2-1/2

[Event "Nikaia op 21st"]
[Site "Nikaia"]
[Date "2013.09.01"]
[Round "8"]
[White "Zervos, Lazaros"]
[Black "Sienczewski, Zbigniew"]
[Result "1/2-1/2"]
[WhiteElo "1818"]
[BlackElo "2052"]
[PlyCount "24"]
[EventDate "2013.08.26"]
[EventType "swiss"]
[EventRounds "9"]
[EventCountry "GRE"]
[SourceTitle "CBM 156 Extra"]
[Source "ChessBase"]
[SourceDate "2013.10.22"]
[SourceVersion "1"]
[SourceVersionDate "2013.10.22"]
[SourceQuality "1"]

1. e4 d6 2. d4 Nf6 3. Nc3 g6 4. h3 Bg7 5. Be3 0-0 6. f4 c6 7. Nf3 b5 8. e5 Ne8 9. Bd3 Nd7 10. 0-0 e6 11. Qe1 Nb6 12. b3 a5 1/2-1/2

[Event "Nikaia op 21st"]
[Site "Nikaia"]
[Date "2013.08.30"]
[Round "5"]
[White "Giannakoulopoulos, Spyridon"]
[Black "Zervos, Lazaros"]
[Result "0-1"]
[WhiteElo "2000"]
[BlackElo "1818"]
[PlyCount "100"]
[EventDate "2013.08.26"]
[EventType "swiss"]
[EventRounds "9"]
[EventCountry "GRE"]
[SourceTitle "CBM 156 Extra"]
[Source "ChessBase"]
[SourceDate "2013.10.22"]
[SourceVersion "1"]
[SourceVersionDate "2013.10.22"]
[SourceQuality "1"]

1. d4 g6 2. e4 Bg7 3. g3 c6 4. Bg2 d6 5. Ne2 Nf6 6. 0-0 0-0 7. c4 Nbd7 8. Nbc3 e5 9. d5 c5 10. a3 a6 11. b4 Rb8 12. b5 Ne8 13. Be3 Nb6 14. Qb3 a5 15. f4 Bg4 16. h3 Bd7 17. Na4 Nxa4 18. Qxa4 exf4 19. gxf4 Qh4 20. Bf2 Qe7 21. Qxa5 b6 22. Qa7 Nf6 23. e5 Qd8 24. exf6 Ra8 25. fxg7 Kxg7 26. Qb7 Rb8 27. Qa6 Ra8 28. Qb7 Rb8 29. Qxb8 Qxb8 30. Be1 Qe8 31. Bc3+ f6 32. Kf2 Kg8 33. Ng3 f5 34. a4 Qd8 35. Kf3 Qh4 36. Be1 Qf6 37. Bf2 Re8 38. Rac1 h5 39. Rfe1 Qb2 40. Rxe8+ Bxe8 41. Ne2 g5 42. Be3 h4 43. Kf2 Bh5 44. Re1 g4 45. hxg4 fxg4 46. Bf1 g3+ 47. Kg1 Bf3 48. Bc1 Qc2 49. Bg2 Bxe2 50. a5 Bf3 0-1

[Event "Nikaia op-A 20th"]
[Site "Nikea"]
[Date "2012.09.02"]
[Round "9.21"]
[White "Zervos, Lazaros"]
[Black "Panagiotakos, Petros"]
[Result "1-0"]
[WhiteElo "1799"]
[BlackElo "1889"]
[PlyCount "63"]
[EventDate "2012.08.26"]
[EventType "swiss"]
[EventRounds "9"]
[EventCountry "GRE"]
[SourceTitle "EXT 2024"]
[Source "ChessBase"]
[SourceDate "2023.10.10"]
[SourceVersion "1"]
[SourceVersionDate "2023.10.10"]
[SourceQuality "1"]

1. e4 c5 2. Nf3 Nc6 3. d4 cxd4 4. Nxd4 g6 5. Nc3 Bg7 6. Be3 Nf6 7. Bc4 0-0 8. Bb3 d6 9. f3 Bd7 10. Qd2 Rc8 11. 0-0-0 Ne5 12. h4 h5 13. Bg5 Rc5 14. g4 hxg4 15. f4 Nf3 16. Nxf3 gxf3 17. Bxf6 Bxf6 18. e5 Bg7 19. h5 e6 20. Qxd6 Rxc3 21. bxc3 Qa5 22. Kb2 Rd8 23. Qb4 Qa6 24. Bc4 Qc6 25. hxg6 fxg6 26. Bb5 Qc7 27. Qd6 Qa5 28. Bxd7 Rxd7 29. Qxd7 Qb6+ 30. Kc1 Qe3+ 31. Kb1 Qxc3 32. Qxe6+ 1-0

[Event "Nikaia op-A 20th"]
[Site "Nikea"]
[Date "2012.08.30"]
[Round "6.24"]
[White "Kanellos, Dimitrios V"]
[Black "Zervos, Lazaros"]
[Result "0-1"]
[WhiteElo "1956"]
[BlackElo "1799"]
[PlyCount "68"]
[EventDate "2012.08.26"]
[EventType "swiss"]
[EventRounds "9"]
[EventCountry "GRE"]
[SourceTitle "EXT 2024"]
[Source "ChessBase"]
[SourceDate "2023.10.10"]
[SourceVersion "1"]
[SourceVersionDate "2023.10.10"]
[SourceQuality "1"]

1. c4 Nf6 2. Nc3 e6 3. d4 Bb4 4. Nf3 d5 5. e3 0-0 6. Bd3 c5 7. 0-0 dxc4 8. Bxc4 Nbd7 9. Qe2 cxd4 10. exd4 Bxc3 11. bxc3 Qc7 12. Ne5 b6 13. Bf4 Nxe5 14. Bxe5 Qe7 15. Bd3 Bb7 16. Rad1 Rac8 17. c4 Rfd8 18. Rfe1 Nd7 19. d5 Nxe5 20. Qxe5 Qd6 21. dxe6 Qxe5 22. Rxe5 fxe6 23. Rxe6 b5 24. Re7 Ba6 25. Rxa7 bxc4 26. Rxa6 Rxd3 27. Rc1 c3 28. Ra3 Rcd8 29. Kf1 Rd1+ 30. Rxd1 Rxd1+ 31. Ke2 c2 32. Ra8+ Kf7 33. Ra7+ Ke6 34. Ra6+ Kd7 0-1

[Event "Wch U20 51st"]
[Site "Athens"]
[Date "2012.08.14"]
[Round "12"]
[White "Zervos, Lazaros"]
[Black "Kalofonos, Panayotis"]
[Result "1/2-1/2"]
[WhiteElo "1799"]
[BlackElo "1806"]
[PlyCount "47"]
[EventDate "2012.08.02"]
[EventType "swiss"]
[EventRounds "13"]
[EventCountry "GRE"]
[SourceTitle "CBM 149 Extra"]
[Source "ChessBase"]
[SourceDate "2012.08.24"]
[SourceVersion "1"]
[SourceVersionDate "2012.08.24"]
[SourceQuality "1"]

1. e4 c5 2. Nf3 d6 3. d4 cxd4 4. Nxd4 Nf6 5. Nc3 a6 6. Bg5 Nbd7 7. f4 Qc7 8. Qd2 b5 9. a3 Bb7 10. Bd3 e6 11. Bxf6 Nxf6 12. 0-0 Be7 13. Rae1 Nd7 14. Kh1 0-0 15. Qe2 Bf6 16. Qf2 Qb6 17. Nce2 Qa7 18. b4 Rac8 19. Rc1 Qa8 20. Ng3 Qa7 21. Nge2 Qa8 22. Ng3 Qa7 23. Nge2 Qa8 24. Ng3 1/2-1/2

[Event "Wch U20 51st"]
[Site "Athens"]
[Date "2012.08.12"]
[Round "10"]
[White "Zervos, Lazaros"]
[Black "Cajahuanca Ramirez, Olindo"]
[Result "1/2-1/2"]
[WhiteElo "1799"]
[BlackElo "1856"]
[PlyCount "122"]
[EventDate "2012.08.02"]
[EventType "swiss"]
[EventRounds "13"]
[EventCountry "GRE"]
[SourceTitle "CBM 149 Extra"]
[Source "ChessBase"]
[SourceDate "2012.08.24"]
[SourceVersion "1"]
[SourceVersionDate "2012.08.24"]
[SourceQuality "1"]

1. e4 c5 2. Nf3 e6 3. d4 cxd4 4. Nxd4 a6 5. c4 Nf6 6. Nc3 Bb4 7. Bd3 Nc6 8. Nxc6 dxc6 9. 0-0 e5 10. Kh1 Bxc3 11. bxc3 Bg4 12. Qc2 0-0 13. f4 Nd7 14. Be3 Qe7 15. f5 Bh5 16. Be2 Bxe2 17. Qxe2 Qh4 18. Bf2 Qe7 19. Rae1 Qa3 20. Bh4 f6 21. Rf3 Qe7 22. Rh3 Rfd8 23. Bf2 Qf7 24. Be3 b5 25. Rg3 Kh8 26. Qg4 Rab8 27. cxb5 axb5 28. Rd1 Nf8 29. Bg1 Rd7 30. Rgd3 Rbd8 31. Qf3 Qc4 32. Rxd7 Rxd7 33. Rxd7 Nxd7 34. Qd1 Nf8 35. Qd6 Kg8 36. h3 Qxc3 37. Bc5 Qc1+ 38. Kh2 h6 39. Qxf8+ Kh7 40. Be7 Qf4+ 41. Kg1 Qc1+ 42. Kh2 Qf4+ 43. Kg1 Qe3+ 44. Kh1 Qc1+ 45. Kh2 Qg5 46. Kg1 Qe3+ 47. Kh1 Qg5 48. Kg1 h5 49. Kh2 h4 50. Kg1 Qe3+ 51. Kh2 Qh6 52. Kg1 Qe3+ 53. Kh2 Qh6 54. Kg1 Qg5 55. Kh2 Qg3+ 56. Kg1 Qg5 57. Kf1 Qf4+ 58. Kg1 Qh6 59. Kh1 Qg5 60. Kh2 Qh6 61. Kg1 Qg5 1/2-1/2

[Event "Wch U20 51st"]
[Site "Athens"]
[Date "2012.08.08"]
[Round "7"]
[White "Arat, Ufuk Sezen"]
[Black "Zervos, Lazaros"]
[Result "1-0"]
[WhiteElo "2124"]
[BlackElo "1799"]
[PlyCount "53"]
[EventDate "2012.08.02"]
[EventType "swiss"]
[EventRounds "13"]
[EventCountry "GRE"]
[SourceTitle "CBM 149 Extra"]
[Source "ChessBase"]
[SourceDate "2012.08.24"]
[SourceVersion "1"]
[SourceVersionDate "2012.08.24"]
[SourceQuality "1"]

1. e4 c5 2. Nc3 Nc6 3. g3 g6 4. Bg2 Bg7 5. d3 d6 6. Be3 e6 7. Qd2 Rb8 8. Nf3 b6 9. 0-0 Nge7 10. Bh6 0-0 11. Bxg7 Kxg7 12. d4 f5 13. Rfe1 h6 14. Rad1 fxe4 15. Nxe4 d5 16. dxc5 Kh7 17. Qc3 dxe4 18. Rxd8 Nxd8 19. Ne5 Nd5 20. Qa3 Rf5 21. c6 Ra8 22. c7 Nf7 23. Nxf7 Rxf7 24. Bxe4 Rxc7 25. c4 Bb7 26. cxd5 exd5 27. Bxg6+ 1-0

[Event "Wch U20 51st"]
[Site "Athens"]
[Date "2012.08.06"]
[Round "5"]
[White "Potpara, Nikola"]
[Black "Zervos, Lazaros"]
[Result "1-0"]
[WhiteElo "2201"]
[BlackElo "1799"]
[PlyCount "93"]
[EventDate "2012.08.02"]
[EventType "swiss"]
[EventRounds "13"]
[EventCountry "GRE"]
[SourceTitle "CBM 149 Extra"]
[Source "ChessBase"]
[SourceDate "2012.08.24"]
[SourceVersion "1"]
[SourceVersionDate "2012.08.24"]
[SourceQuality "1"]

1. d4 Nf6 2. c4 e6 3. Nf3 d5 4. Nc3 Bb4 5. Bg5 Nbd7 6. cxd5 exd5 7. e3 c5 8. Bd3 Qa5 9. Qc2 c4 10. Bf5 0-0 11. 0-0 Bxc3 12. bxc3 Re8 13. Nd2 g6 14. Bxd7 Nxd7 15. f3 Nb6 16. Rae1 Bd7 17. Bh4 Na4 18. Nb1 Rac8 19. e4 Be6 20. Bf6 h6 21. h4 Nb6 22. h5 Nd7 23. Bh4 g5 24. Bf2 Nf6 25. exd5 Nxd5 26. Re5 Qc7 27. Bg3 Qd7 28. Rfe1 Nf6 29. Qe2 Nxh5 30. Bh2 Nf6 31. Nd2 Nd5 32. Ne4 Kg7 33. Nc5 Rxc5 34. dxc5 Nxc3 35. Qe3 Nb5 36. f4 Qd4 37. f5 Qxe3+ 38. R5xe3 c3 39. fxe6 c2 40. e7 f5 41. Be5+ Kf7 42. a4 f4 43. Rb3 Rxe7 44. Rxb5 Rxe5 45. Rc1 Re2 46. Rxb7+ Ke6 47. Rb2 1-0

[Event "Attica-ch U16"]
[Site "Peristeri"]
[Date "2012.04.19"]
[Round "4"]
[White "Hristopoulos, Georgios1111"]
[Black "Zervos, Lazaros"]
[Result "0-1"]
[WhiteElo "1140"]
[BlackElo "1691"]
[PlyCount "100"]
[EventDate "2012.04.17"]
[EventType "swiss"]
[EventRounds "7"]
[EventCountry "GRE"]
[SourceTitle "EXT 2024"]
[Source "ChessBase"]
[SourceDate "2023.10.10"]
[SourceVersion "1"]
[SourceVersionDate "2023.10.10"]
[SourceQuality "1"]

1. d4 Nf6 2. Bf4 e6 3. e3 b6 4. Nf3 Bb7 5. Bd3 d5 6. Nbd2 Bd6 7. Bg3 0-0 8. c4 Re8 9. cxd5 exd5 10. Rc1 c6 11. a3 Qc7 12. Bxd6 Qxd6 13. 0-0 Nbd7 14. Re1 Ne4 15. Be2 Ndf6 16. Nxe4 Nxe4 17. Nd2 Rac8 18. Nxe4 dxe4 19. Bg4 Rc7 20. Qa4 Bc8 21. Bxc8 Rexc8 22. Red1 g6 23. b4 Kg7 24. Qc2 f5 25. Qc3 Kf7 26. Qb3+ Qd5 27. Qc4 Kf6 28. g3 g5 29. h3 h5 30. Kg2 f4 31. Rc2 f3+ 32. Kh2 Kf5 33. Rdc1 Qd6 34. a4 h4 35. b5 hxg3+ 36. fxg3 cxb5 37. Qxb5+ Kf6 38. Rxc7 Rxc7 39. Rxc7 Qxc7 40. Qb1 Qc4 41. Kg1 Qe2 42. Qf1 Qxe3+ 43. Qf2 Qxf2+ 44. Kxf2 a6 45. h4 gxh4 46. gxh4 b5 47. axb5 axb5 48. d5 b4 49. d6 b3 50. h5 b2 0-1